000
00318nam a2200121Ia 4500
008
220217s9999 xx 000 0 und d
245
0
_a
Specification for diaphragms for contraceptive use.
260
_c
1966
500
_a
Standard number: BS 4028
650
_a
Contraceptive use
650
_a
Diaphragms
942
_c
ST
999
_c
73083
_d
73083